[Event "Montigny le Bretonneux op 22nd"]
[Site "Montigny le Bretonneux"]
[Date "2023.12.29"]
[Round "5"]
[White "Un, Prathna"]
[Black "Richecoeur, Clemence"]
[Result "0-1"]
[WhiteElo "1199"]
[BlackElo "1463"]
[PlyCount "26"]
[EventDate "2023.12.27"]
[EventType "swiss"]
[EventRounds "7"]
[EventCountry "FRA"]
[SourceTitle "CB06_2024"]
[SourceDate "2024.02.07"]
[SourceVersion "1"]
[SourceVersionDate "2024.02.07"]
[SourceQuality "1"]

1. e4 d6 2. Nf3 Nf6 3. Nc3 g6 4. Bc4 Nc6 5. a3 Bg4 6. 0-0 Nd4 7. b3 Nxf3+ 8. gxf3 Bh3 9. Re1 e5 10. d3 Nh5 11. d4 Nf4 12. dxe5 Qg5+ 13. Kh1 Qg2# 0-1